00246nam a22001097a 4500020001600000082001200016100001400028245002400042260004700066300000900113650001400122 a95558907650 a574.133 aWannigama aPrimary Metabolites aPeradeniyabUniversity of peradeniyac2005 a141p aChemistry